000 01149nam a2200313 a 4500
001 000008514
003 OSt
005 20260321073638.0
008 090917s1995 dr 000 f spa d
040 _aDO-SdBNP
_bspa
_cBNPHU
082 _aRD863.44
_bB742G
100 1 _aGarcía Cuevas, Eugenio de J.
_922844
245 1 0 _aJuan Bosch :
_bnovela, historia y sociedad /
_cEugenio de J. García Cuevas ; prólogo Iván Salvá Méndez.
260 _aSanto Domingo :
_bIsla Negra,
_bHojarasca,
_c1995.
300 _a230 p. ;
_c20 cm.
490 1 _aVisiones y cegueras
500 _aIncluye datos biográficos del autor en la contracubierta.
500 _aIncluye referencias bibliográficas y notas al pie de las páginas.
504 _aBibliografía: p. 203-230
590 _aInventariado, 2020/VM
600 1 0 _a Bosch, Juan,
_d1909-2001
_976555
600 1 0 _a Bosch, Juan,
_d1909-2001
_976555
650 4 _aPolítica en literatura
_922846
650 0 _aLiteratura dominicana.
_967
700 1 2 _aSalvá Méndez, Iván,
_epról.
_922847
830 0 _aVisiones y cegueras
_91120
910 _aValidado. Control de calidad MFF
942 _2ddc
_cLBS1
999 _c8284
_d8284